000
00282nam a22001337a 4500
008
170927b xxu||||| |||| 00| 0 eng d
020
_a
9780194723008
041
_a
eng
080
_a
37
100
_a
47
101
_a
EDU
245
_a
CREATING MEANING
_c
BLASS,L
942
_2
udc
_c
BK
999
_c
30257
_d
30257